Jalcocotán : carta topográfica /

Carta topográfica de la región circundante a Jalcocotán, Nayarit. Cubre, hacia el norte, este poblado y La Palma; al sur, Zacualpan; al este, El Malinal, y al oeste, Santa Cruz de Miramar, en la costa del Océano Pacífico; todas ellas son poblaciones en el estado de Nayarit.

Guardat en:
Dades bibliogràfiques
Autor corporatiu: Instituto Nacional de Estadística, Geografía e Informática
Format: Mapa
Edició:2a edición
Col·lecció:(Carta Topográfica)
Matèries:
Etiquetes: Afegir etiqueta
Sense etiquetes, Sigues el primer a etiquetar aquest registre!

MARC

LEADER 00000nem^a2200000^a^4500
001 000156692
005 20250521000000.0
009 20260310100511.684
037 |a Acervo ITESO - Biblioteca 
041 |a GRA 
093 |a F-13-C-39 
110 |a Instituto Nacional de Estadística, Geografía e Informática 
240 1 1 |a [Jalcocotán, materiales cartográficos] 
245 1 0 |a Jalcocotán :  |b carta topográfica /  |c INEGI. 
250 |a 2a edición 
255 |a Escala 1 : 50 000 ;  |b Proyección Universal Transversa de Mercator 
264 |a Aguascalientes, México :  |b Instituto Nacional de Estadística, Geografía e Informática, Dirección General de Geografía,  |c 2002 
300 |a 1 mapa 
336 |a imagen cartográfica estática  |b cri  |2 rdacontenido 
337 |a sin mediación  |b n  |2 rdamedio 
338 |a mapa  |b nz  |2 rdasoporte 
440 1 |a (Carta Topográfica) 
520 |a Carta topográfica de la región circundante a Jalcocotán, Nayarit. Cubre, hacia el norte, este poblado y La Palma; al sur, Zacualpan; al este, El Malinal, y al oeste, Santa Cruz de Miramar, en la costa del Océano Pacífico; todas ellas son poblaciones en el estado de Nayarit. 
522 |a Cartas adyacentes: F13C28, F13C29, F13D21, F13D31, F13C48, F13C49, F13D41 
522 |a Vegetación predominante: vegetación silvestre 
522 |a Carta formada por métodos fotogramétricos a partir de fotografías obtenidas en diciembre de 1996 
546 |a Edición gráfica con texto en español 
649 |a XX 
650 |a Topografía -  |z México 
650 |a Jalcocotán, Nayarit -  |x Mapas 
650 |a Ixtapan de la Concepción, Nayarit -  |x Mapas 
650 |a Zacualpan, Nayarit -  |x Mapas 
650 |a Aticama, Nayarit -  |x Mapas 
650 |a Platanitos, Nayarit -  |x Mapas 
650 |a Santa Cruz de Miramar, Nayarit -  |x Mapas 
650 |a La Palma, Nayarit -  |x Mapas 
650 |a Cuarenteno, Nayarit -  |x Mapas 
650 |a El Tepozat, Nayarit -  |x Mapas 
650 |a El Malinal, Nayarit -  |x Mapas 
650 |a Cumbres de Huicicila, Nayarit -  |x Mapas 
650 |a El Llano, Nayarit -  |x Mapas 
650 |a Otates y Cantarranas, Nayarit -  |x Mapas 
650 |a Nayarit -  |x Mapas 
650 |a México -  |x Mapas 
910 |a Fondo General 
920 |a Gráficos - Mapas 
905 |a 503 
901 |a 0500047900  |b IT2  |c MAP  |u 20250521 
902 |a https://opac.biblio.iteso.mx/vufind/Record/000156692